000 00349nam a2200145Ia 4500
008 231217s9999 xx 000 0 und d
041 _aEnglish
082 _a001.6424PER MCM;1 `R'
100 _aMcmillan, Mike
245 0 _aPerl from the ground up
260 _c1998
_bNew Delhi : TMH,
300 _aXXIII+520
650 _aPerl
942 _cAA
999 _c167586
_d167586